FPHL Teams - Statistics

General Stats
  • This quiz has been taken 5 times
  • The average score is 9 of 14
Answer Stats
Team Location Arena % Correct
Danbury Hat Tricks Danbury, CT Danbury Ice Arena
100%
Athens Rock Lobsters Athens, GA Akins Ford Arena
80%
Binghamton Black Bears Binghamton, NY Visions Veterans Memorial Arena
80%
Columbus River Dragons Columbus, GA Columbus Civic Center
80%
Baton Rouge Zydeco Baton Rouge, LA Raising Cane's River Center Arena
60%
Blue Ridge Bobcats Wytheville, VA Hitachi Energy Arena
60%
Carolina Thunderbirds Winston-Salem, NC Winston-Salem Fairgrounds Arena
60%
Danville Dashers Danville, IL David S. Palmer Arena
60%
Hudson Valley Venom Poughkeepsie, NY McMann Ice Arena
60%
Mississippi Sea Wolves Biloxi, MS Mississippi Coast Coliseum
60%
Monroe Moccasins Monroe, LA Monroe Civic Center
60%
Motor City Rockers Fraser, MI Big Boy Arena
60%
Port Huron Prowlers Port Huron, MI McMorran Place
60%
Watertown Wolves Watertown, NY Watertown Municipal Arena
60%
No matching quizzes found
Score Distribution
Percent of People with Each Score
Percentile by Number Answered
Your Score History
You have not taken this quiz